Process and experience in the language classroom

Guardado en:
Detalles Bibliográficos
Autores principales: Legutke, Michael (Autor), Thomas, Howard (Autor)
Formato: Libro
Lenguaje:inglés
Publicado: Londres Longman Group 1991
Colección:Applied Linguistics and Language Study
Materias:
Etiquetas: Agregar Etiqueta
Sin Etiquetas, Sea el primero en etiquetar este registro!

MARC

LEADER 00000nam a2200000 a 4500
001 UCO9198
003 CL-VaPUC
008 010119e19910000UK |||||||||||||||||eng|d
082 0 4 |a 418.007  |b LEG  |2 21 
100 0 |a Legutke, Michael  |e author  |9 454196 
700 0 |a Thomas, Howard  |e author  |9 454197 
245 1 0 |a Process and experience in the language classroom 
300 |a 332 p 
942 |c BK 
945 |d 20010119 00:00:00  |a cmena 
260 |a Londres  |b Longman Group  |c 1991 
650 0 |a Educación lingüística  |9 306506 
650 0 |a Enseñanza del inglés  |9 367340 
650 0 |a Métodos de enseñanza  |9 270413 
583 |a last modification  |c 20170609 10:06:23  |k Rodrigo Vera 
490 0 |a Applied Linguistics and Language Study 
999 |c 293474  |d 293472 
952 |0 0  |1 0  |4 0  |6 418_007000000000000_LEG_1991  |7 0  |8 A  |9 345031  |a FDOPOS  |b FDOPOS  |d 2019-11-20  |i 3684296  |o 418.007 LEG 1991  |p 3684296  |r 2025-01-22  |w 2019-11-20  |y BK  |k MLA